000 00578nam a2200241 a 4500
001 nice12345678
003 IN_TiNIC
005 20260116011531.0
008 050524s1962 losa grp 000 0 eng
020 _a
_c100
082 0 0 _a306.697
_bVON
100 _aVon Grunebaum, G E
245 _aModern Islam
260 _aLos Angeles
_bUniversity of California
_c1962
300 _a303p
500 _aincludes index and biblioraphy
505 2 _aIndex
650 _aIslamic-Culture
700 1 _aVon Grunebaum, G E
902 _bSRS
942 _cBK
999 _c2397
_d2397